000 00340nam a2200133Ia 4500
008 240624s9999 xx 000 0 und d
041 _aeng
082 _a004.6 MIC
100 _aMICHELI GIOVANNI DE
245 _aNETWORKS ON CHIPS TECHNOLOGY AND TOOLS
260 _c2006
_aKaufmann,2006
300 _ax, : 395 : p. : cm. ; 24
365 _cBPS
999 _c5617
_d5617